| 000 | 00599nam a2200229Ia 4500 | ||
|---|---|---|---|
| 003 | OSt | ||
| 005 | 20221007073115.0 | ||
| 006 | a|||||r|||| 00| 0 | ||
| 007 | ta | ||
| 008 | 221006b |||||||| |||| 00| 0 eng d | ||
| 024 | _a17,878 | ||
| 037 | _cTextual | ||
| 040 |
_aFLL _cFLL _beng |
||
| 041 |
_2eng _aeng |
||
| 082 | _aY172:3Z, K8 | ||
| 100 |
_aBarkun M. Au. _9691909 |
||
| 245 | 0 | _aLaw without sanctions | |
| 260 |
_aLondon _bYale university press England _c1968 |
||
| 300 |
_a179p _ccm. |
||
| 942 |
_hY172:3Z, K8 _cTEXL _2CC |
||
| 999 |
_c1147694 _d1147694 |
||